00871nam a2200265Ia 450000500170000000800410001702000150005804000180007304100080009110000240009924501140012325000130023726000460025030000250029650400270032165000330034865000320038165000230041365000310043665000280046765000130049570000210050870000360052976500400056520211105120517.0130821s2004 mx gr spa  a9701509935 aCo-BoUCMbspa00aspa1 aNiebel, Benjamin W.10aIngeniería industrial métodos, estándares y diseño del trabajocBenjamin W. Niebel, Andris Freivalds a11a. ed. aMéxico D.F. (México)bAlfaomegac2004 axxvii, 745 páginas aIncluye bibliografía04aAdministración de empresas04aAdministración industrial04aControl de calidad04aControl de la producción04aIngeniería industrial04aSalarios1 aFreivalds, Adris1 aGonzález Osuna, Marciaetrad. aMethods, Standards, and work design